Tunnista lentoyhtiöt - Statistics

Yleistilastot
  • Tätä visaa on pelattu 110 kertaa
  • Keskiarvotulos 12 / 16
Vastaustilastot
Kuvavisa Hint Vastaus % Oikein
Helsinki Finnair
99%
Hannover TUI
95%
Frankfurt Lufthansa
92%
Tukholma SAS
91%
Lontoo easyJet
89%
Dublin Ryanair
88%
Fornebu Norwegian
86%
Amstelveen KLM
84%
Lontoo British Airways
78%
Dubai Emirates
77%
Atlanta Delta Air Lines
73%
Roissypôle Air France
59%
Sydney Qantas
58%
Moskova Aeroflot
51%
Zürich Edelweiss
22%
Barcelona Vueling Airlines
19%
Ehtoja vastaavia visoja ei löytynyt
Tulosjakauma
Jokaisen tuloksen saaneiden osuus
Persentiili vastausten määrän mukaan
Tuloshistoriasi
Et ole pelannut tätä visaa